LIBRARY & INFORMATION CENTRE, KCAET, TAVANUR

ONLINE PUBLIC ACCESS CATALOGUE (OPAC)

waste water engineering ( Including air pollution) / (Record no. 12949)

MARC details
000 -LEADER
fixed length control field 00494cam a2200193ua 4500
041 ## - LANGUAGE CODE
Language code of text/sound track or separate title eng
100 ## - MAIN ENTRY--AUTHOR NAME
Personal name Punmia, B C.
245 ## - TITLE STATEMENT
Title waste water engineering ( Including air pollution) /
250 ## - EDITION STATEMENT
Edition statement 2 /
260 ## - PUBLICATION, DISTRIBUTION, ETC. (IMPRINT)
Place of publication New Delhi :
Name of publisher Laxmi publications ,
Year of publication 2006.
300 ## - PHYSICAL DESCRIPTION
Number of Pages ; .
700 1# - ADDED ENTRY--PERSONAL NAME
Personal name Jain, Arun K .
700 1# - ADDED ENTRY--PERSONAL NAME
Personal name Jain, Ashok K .
942 ## - ADDED ENTRY ELEMENTS (KOHA)
Koha item type Books
Holdings
Withdrawn status Lost status Damaged status Home library Current library Date acquired Accession Number Koha item type
      KAUAET KAUAET 07/04/2012 21265 Books
free website counter